<?xml version="1.0" encoding="UTF-8"?>
<record
    xmlns:xsi="http://www.w3.org/2001/XMLSchema-instance"
    xsi:schemaLocation="http://www.loc.gov/MARC21/slim http://www.loc.gov/standards/marcxml/schema/MARC21slim.xsd"
    xmlns="http://www.loc.gov/MARC21/slim">

  <leader>04358cam a22004338i 4500</leader>
  <controlfield tag="001">22563711</controlfield>
  <controlfield tag="003">OSt</controlfield>
  <controlfield tag="005">20230920152411.0</controlfield>
  <controlfield tag="008">220514s2023    enk      b    001 0 eng  </controlfield>
  <datafield tag="010" ind1=" " ind2=" ">
    <subfield code="a">  2022021443</subfield>
  </datafield>
  <datafield tag="020" ind1=" " ind2=" ">
    <subfield code="a">9780367544522</subfield>
    <subfield code="q">(hardback)</subfield>
  </datafield>
  <datafield tag="020" ind1=" " ind2=" ">
    <subfield code="a">9780367612672</subfield>
    <subfield code="q">(paperback)</subfield>
  </datafield>
  <datafield tag="020" ind1=" " ind2=" ">
    <subfield code="z">9781003104919</subfield>
    <subfield code="q">(ebook)</subfield>
  </datafield>
  <datafield tag="040" ind1=" " ind2=" ">
    <subfield code="a">LBSOR/DLC</subfield>
    <subfield code="b">eng</subfield>
    <subfield code="e">rda</subfield>
    <subfield code="c">DLC</subfield>
  </datafield>
  <datafield tag="042" ind1=" " ind2=" ">
    <subfield code="a">pcc</subfield>
  </datafield>
  <datafield tag="043" ind1=" " ind2=" ">
    <subfield code="a">a-ii---</subfield>
  </datafield>
  <datafield tag="050" ind1="0" ind2="0">
    <subfield code="a">HT720</subfield>
    <subfield code="b">.C4727 2023</subfield>
  </datafield>
  <datafield tag="082" ind1="0" ind2="0">
    <subfield code="a">305.51220954</subfield>
    <subfield code="b">CHO/C</subfield>
  </datafield>
  <datafield tag="245" ind1="0" ind2="0">
    <subfield code="a">Caste matters in public policy :</subfield>
    <subfield code="b">issues and perspectives /</subfield>
    <subfield code="c">edited by Rahul Choragudi, Sony Pellissery, and N. Jayaram.</subfield>
  </datafield>
  <datafield tag="263" ind1=" " ind2=" ">
    <subfield code="a">2207</subfield>
  </datafield>
  <datafield tag="264" ind1=" " ind2="1">
    <subfield code="a">Abingdon, Oxon ;</subfield>
    <subfield code="a">New York, NY :</subfield>
    <subfield code="b">Routledge,</subfield>
    <subfield code="c">2023.</subfield>
  </datafield>
  <datafield tag="300" ind1=" " ind2=" ">
    <subfield code="a">233 pages </subfield>
  </datafield>
  <datafield tag="336" ind1=" " ind2=" ">
    <subfield code="a">text</subfield>
    <subfield code="b">txt</subfield>
    <subfield code="2">rdacontent</subfield>
  </datafield>
  <datafield tag="337" ind1=" " ind2=" ">
    <subfield code="a">unmediated</subfield>
    <subfield code="b">n</subfield>
    <subfield code="2">rdamedia</subfield>
  </datafield>
  <datafield tag="338" ind1=" " ind2=" ">
    <subfield code="a">volume</subfield>
    <subfield code="b">nc</subfield>
    <subfield code="2">rdacarrier</subfield>
  </datafield>
  <datafield tag="504" ind1=" " ind2=" ">
    <subfield code="a">Includes bibliographical references and index.</subfield>
  </datafield>
  <datafield tag="505" ind1="0" ind2=" ">
    <subfield code="a">Introduction: The career of caste in public policy / Rahul Choragudi, Sony Pellissery, and N. Jayaram -- Caste in and out of place : state, market, and culture / Stig Toft Madsen -- Enumerating caste in the census : is it useful for public policy? / N. Jayaram -- Awareness and access to social security among the unorganised worker households : a study of scheduled caste sub-plan and tribal sub-plan in Karnataka / D. Rajasekhar and R. Manjula -- Addressing graded inequality among the scheduled castes : internal reservation as a strategy / Arvind Narrain and Basawa Prasad Kunale -- Caste and politics : reservation policy in Tamil Nadu / Saravana Raja -- Economic opportunity, protective discrimination, and the changing jati relations : an ethnographic study in a coastal village in Andhra Pradesh / Rahul Choragudi -- Caste and public policy : the case of West Bengal / Antara Ray -- Accommodating service-caste group needs within urban policies for development : a study of dhobis in Delhi / Subhadra Mitra Channa -- Despite equality : Sikhs and the caste issue / Paramjit S. Judge -- Caste and caste discrimination among Christians and Muslims : a case for revisiting the ambit of protective discrimination policy / Gaurang Sahay -- Epilogue: Caste in public policy analysis - rediscovering public sphere through institutionalist lens / Sony Pellissery.</subfield>
  </datafield>
  <datafield tag="520" ind1=" " ind2=" ">
    <subfield code="a">"Caste in India, despite its historical resilience, has been undergoing transformation since independence. If caste as a system of rigid stratification has been on the decline, castes as autonomous interest-serving groups have been on ascendance. This book critically engages with the changing notions of caste and its intersection with public policy in India. It discusses key issues such as social security, internal reservation, the idea of Most Backward Classes, caste issues among non-Hindu religious communities, caste in census, caste in market, and service castes and urban planning. Drawing on in-depth case studies from states including Andhra Pradesh, Delhi, Karnataka, Punjab, Tamil Nadu, Telangana, and West Bengal, the volume explores the cyclical process of how caste drives policies, and how policies in turn shape the reality of caste in India. It looks at the impact of factors like protective discrimination, adult franchise and democratic decentralization, horizontal and vertical mobilisation, land reforms, and religious conversion on social mobility, and traditional hierarchy in India. Empirically rich and analytically rigorous, this book will be an excellent reference for scholars and researchers of public policy, public administration, sociology, exclusion studies, social work, law, history, economics, political science, development studies, social anthropology, and political sociology. It will also be of interest to public policy and development practitioners"--</subfield>
    <subfield code="c">Provided by publisher.</subfield>
  </datafield>
  <datafield tag="650" ind1=" " ind2="0">
    <subfield code="a">Caste</subfield>
    <subfield code="x">Government policy</subfield>
    <subfield code="z">India.</subfield>
  </datafield>
  <datafield tag="650" ind1=" " ind2="0">
    <subfield code="a">Caste</subfield>
    <subfield code="x">Political aspects</subfield>
    <subfield code="z">India.</subfield>
  </datafield>
  <datafield tag="651" ind1=" " ind2="0">
    <subfield code="a">India</subfield>
    <subfield code="x">Politics and government</subfield>
    <subfield code="y">1947-</subfield>
  </datafield>
  <datafield tag="651" ind1=" " ind2="0">
    <subfield code="a">India</subfield>
    <subfield code="x">Social conditions</subfield>
    <subfield code="y">1947-</subfield>
  </datafield>
  <datafield tag="700" ind1="1" ind2=" ">
    <subfield code="a">Choragudi, Rahul</subfield>
    <subfield code="e">editor.</subfield>
    <subfield code="9">9538</subfield>
  </datafield>
  <datafield tag="700" ind1="1" ind2=" ">
    <subfield code="a">Pellissery, Sony,</subfield>
    <subfield code="d">1972-</subfield>
    <subfield code="e">editor.</subfield>
  </datafield>
  <datafield tag="700" ind1="1" ind2=" ">
    <subfield code="a">Jayaram, N.,</subfield>
    <subfield code="d">1950-</subfield>
    <subfield code="e">editor.</subfield>
  </datafield>
  <datafield tag="906" ind1=" " ind2=" ">
    <subfield code="a">7</subfield>
    <subfield code="b">cbc</subfield>
    <subfield code="c">orignew</subfield>
    <subfield code="d">1</subfield>
    <subfield code="e">ecip</subfield>
    <subfield code="f">20</subfield>
    <subfield code="g">y-gencatlg</subfield>
  </datafield>
  <datafield tag="942" ind1=" " ind2=" ">
    <subfield code="2">ddc</subfield>
    <subfield code="c">BK</subfield>
    <subfield code="h">305.51220954</subfield>
    <subfield code="i">CHO/C</subfield>
    <subfield code="k">305.51220954</subfield>
    <subfield code="m">CHO/C</subfield>
  </datafield>
  <datafield tag="952" ind1=" " ind2=" ">
    <subfield code="0">0</subfield>
    <subfield code="1">0</subfield>
    <subfield code="2">ddc</subfield>
    <subfield code="4">0</subfield>
    <subfield code="7">0</subfield>
    <subfield code="8">SOCIAL SCIENCE</subfield>
    <subfield code="a">MES</subfield>
    <subfield code="b">MES</subfield>
    <subfield code="c">SOCIAL SCIENCE</subfield>
    <subfield code="d">2023-09-20</subfield>
    <subfield code="l">0</subfield>
    <subfield code="o">305.51220954 CHO/C</subfield>
    <subfield code="p">42562</subfield>
    <subfield code="r">2023-09-20 15:25:00</subfield>
    <subfield code="v">1295.00</subfield>
    <subfield code="w">2023-09-20</subfield>
    <subfield code="y">BK</subfield>
    <subfield code="z">GL41R2</subfield>
  </datafield>
  <datafield tag="999" ind1=" " ind2=" ">
    <subfield code="c">42260</subfield>
    <subfield code="d">42260</subfield>
  </datafield>
</record>
